Loading...

L-Matrix theory or the grammar of DIRAC matrices

Bibliographic Details
Main Author: Ramakrishnan, A ed
Format: Printed Book
Language:English
Published: New Delhi. Tata McGraw hill publishing co. 1972.
LEADER 00524nam a22001457a 4500
003 OSt
008 090925t xxu||||| |||| 00| 0 eng d
080 |a 512.643:3  |b RAM 
100 |a Ramakrishnan, A ed.  |9 329 
245 |a L-Matrix theory or the grammar of DIRAC matrices  |c Ed by A Ramakrishnan 
260 |a New Delhi.  |b Tata McGraw hill publishing co.  |c 1972. 
300 |a xi, 178 
942 |c BK  |6 _ 
999 |c 216213  |d 216213 
952 |0 0  |1 0  |4 0  |6 5126433_RAM  |7 0  |9 280274  |a MAT  |b MAT  |d 2009-09-25  |o 512.643:3 RAM  |p MAT01019  |r 2009-09-25  |t 1  |w 2009-09-25  |y BK